Quizzes
Events
Quiz Creation
Community
Videos
Private Events
Remove Ads
Sign In
Join for FREE
Feedback
Dark Mode
Quiz Categories
Sports
Geography
Music
Movies
Television
Just For Fun
Miscellaneous
History
Literature
Language
Science
Gaming
Entertainment
Religion
Holiday
For Kids
Quiz Lab
Recent
Popular Today
Quiz Kudos Today
Editor Picks
Curator Picks
Quizzes by...
Day
Popularity
Type
Ratings
Length
Year
Community
Subscriptions
Recent Discussions
Orange Saloon
Badges
Playlists
Quests
Create
Leaderboards
Showdown
Live 5
Trivia Bingo
Activity
Puzzle Library
Sporcle Events
Private Events
Virtual Trivia
Globe League
Become a Host
Pub Owners
SporcleCon
Opinionation
Our Games
Videos
Blog
Mobile Apps
Partnerships
Remove Ads and Go Orange
Feedback
Music
Pop Music
The Beatles
Song
Album
Lyrics
Bands
Singers
Artist
Clip
Rock
Rap
Classical
Billboard
Country Music
Kpop
Taylor Swift
Music
Pop Music
The Beatles
Song
Album
Lyrics
Bands
Singers
Artist
Clip
Rock
Rap
Classical
Billboard
Country Music
Kpop
Taylor Swift
Random Quiz
Search Sporcle
×
Quiz Lab
Quiz Lab
Music
Song
Type in answers that appear in a list
Type in answers that appear in a list
Classic
Best Score? Go Orange.
Most Popular Rock/Punk/Metal Bands of All Time Stats
Can you name the Most Popular Rock/Punk/Metal Bands of All Time?
By
chisox100
10m
75 Questions
2,337 Plays
2,337 Plays
2,337 Plays
Comments
Comments
Give Quiz Kudos
Give Quiz Kudos
-
- Ratings
hide this ad
Replay
Link that replays current quiz
Next Quiz
Link to next quiz in quiz playlist
You Got
0%
They Got
Avg Score
43%
Avg Friend Score
Upgrade to see
Score Distribution
Jump to the score distribution portion of the page
Score
0/75
Timer
10:00
0
Plays Today
Song
Band
% Correct
Highway to Hell
ACDC
87.6%
Paradise City
Guns N Roses
82.8%
Jailhouse Rock
Elvis
81.1%
Another One Bites the Dust
Queen
79.6%
Iron Man
Black Sabbath
79.1%
Fade to Black
Metallica
76.9%
Blitzkrieg Bop
The Ramones
76.8%
Anarchy In the UK
Sex Pistols
76.7%
Should I Stay or Should I Go?
The Clash
73.5%
Sympathy for the Devil
The Rolling Stones
73.2%
Rock N Roll All Nite
Kiss
73.2%
Surfin' USA
The Beach Boys
69.6%
Black Dog
Led Zeppelin
68.5%
Jump
Van Halen
67.6%
Freak on a Leash
Korn
67.3%
Walk the Line
Johnny Cash
66.1%
Wanted Dead or Alive
Bon Jovi
65.8%
Rock You Like a Hurricane
Scorpions
65.6%
Know Your Enemy
Green Day
64.6%
Reigning Blood
Slayer
64.1%
Baba O'riley
The Who
64.1%
Wish You Were Here
Pink Floyd
62.8%
Sweet Home Alabama
lynyrd skynyrd
62.4%
Pour Some Sugar on Me
Def Leppard
62%
Fear of the Dark
Iron Maiden
61.5%
Cowboys from Hell
Pantera
59.7%
Psychosocial
Slipknot
59.1%
All The Lonely People
The Beatles
58.2%
Peace Sells
Megadeth
57.6%
Mr. Crowley
Ozzy Osbourne
54.5%
Beautiful People
Marilyn Manson
54%
Knocking on Heavens Door
Bob Dylan
52.1%
Holiday in Cambodia
Dead Kennedys
48.1%
Thanks for the Memories
Fallout Boy
47.6%
In Too Deep
Sum 41
46.1%
Talk Dirty to Me
Poison
45.1%
Rollin'
Limp Bizkit
45%
Breed
Nirvana
43.8%
Song
Band
% Correct
Indians
Anthrax
43.7%
Papercut
Linkin Park
41.2%
Vertigo
U2
40.2%
Slow Ride
Foghat
39.1%
Prayer of a Refugee
Rise Against
36.3%
Peggy Sue
Buddy Holly
35%
Up All Night
Blink 182
31.6%
The One I Love
REM
31.5%
Limelight
Rush
31.5%
Last Caress
Misfits
31.5%
Afterlife
Avenged Sevenfold
31.5%
Snow
Red Hot Chili Peppers
29.6%
Old Time Rock and Roll
Bob Seger
29.1%
Diamond and the Rust
Judas Priest
27.8%
American Jesus
Bad Religion
27.7%
Tessie
Dropkick Murphys
26.9%
I Can't Drive 55
Sammy Hagar
25%
Linoleum
NOFX
24.3%
So Happy Together
The Turtles
24.1%
Fairytale of New York
The Pogues
21.7%
Ball and Chain
Social Distortion
20.8%
Never Too Late
Three Days Grace
20.3%
I'm Made of Wax Larry, What Are You Made Of?
A Day to Remember
20.1%
If I Ever Leave This World Alive
Flogging Molly
19.4%
Hard to Handle
Black Crowes
18.3%
Four Word to Choke Upon
Bullet for My Valentine
17.8%
War is the Answer
Five Finger Death Punch
14.8%
Son of Plunder
Disturbed
12.7%
Turncoat
Anti-Flag
10.9%
Thrash Unreal
Against Me
10.7%
Return to Serenity
Testament
9.8%
Cold Machines
Alice Cooper
9.5%
This Addiction
Alkaline Trio
7.2%
Been to Hell
Hollywood Undead
6.9%
For My Family
Agnostic Front
4%
Take them All
Cock Sparrer
3.8%
Sick or Sane
Senses Fail
2.7%
Quiz Playlist
Details
Report
Send in Message
Add To Playlist
Classic:
Type in answers that appear in a list
Last Updated: Jul 23, 2017
Quiz Scoreboard
CHALLENGE
Sign Up to Join the Scoreboard
Show All
Scores
Hide
Comments
May contain spoilers
Recently Published
Movies - When Are They Set?
by FPL_Elf
Movies
5m
Popular People in 1961
by mucciniale
History
6m
1-10 Letter E Words III
by El_Dandy
Language
2m
More to Explore
Quiz From the Vault
Featured Blog Post
Where Did the Easter Bunny Come From?
hide this ad
You Might Also Like...
Tags
Bands Quiz
Popular Quiz
Rock Quiz
Song Quiz
All Time
genre
metal
Metal Bands
punk
Today's Top Quizzes in Music
Browse Music
hide this ad
Today's Top Quizzes in Song
Browse Song
Top Contributed Quizzes in Music
1
Taylor Swift All Songs (2024)
2
2010s Album by Cover III
3
One Thing in Common: Music
4
Guess the Artist- 70s Songs
5
Taylor Swift Logic Puzzle
6
Guess the Taylor Swift song (Mystery Song)
7
2010s Album by Cover IV
8
2010s Album by Cover V
9
KPOP LOGIC QUIZ
10
2010s Album by Cover VI
Explore More
Trending Topics
Marvel
Harry Potter
Crossword
Disney
Kpop
Anime
NBA
The Office
NFL
Song
Pokémon
WWE
Country
Soccer
Puzzle
hide this ad
More By:
chisox100
Quiz
Plays
Rating
Category
Featured
Created
Most Popular Rock/Punk/Metal Bands of All Time
2,337
1.29
Music
Nov 2, 2011
Dropkick Murphys Lyrics
184
5.00
Music
Dec 3, 2011
Punk Bands by Song
145
5.00
Music
Sep 19, 2012
Punk Bands By Songs
93
3.00
Music
Jan 12, 2012
Celtic Punk Artists
61
1.00
Music
Oct 31, 2011
Go to Creator's Profile
Score Distribution
Quiz Creator Spotlight
chisox100
Follow
Send a Message
Quizzes Created
-
Created Quiz Play Count
-
More By This Creator
Popular Quizzes Today
1
Find the US States - No Outlines Minefield
2
Find the Countries of Europe - No Outlines Minefield
3
The Countries of the World
4
Popular People in 1961
5
1-10 Letter E Words III
6
US States
7
Find the US States
8
One Thing in Common: World Cities II
More Music Quizzes
Top 30 Most Covered Song Writers
Editor's Pick
Trending Quizzes
Risky Map Clicking: Least Populous States A-Z
1-10 Letter F Words
Humor Books: The Subtitles
1-10 Letter G Words
One Thing in Common: United Kingdom
Recently Updated
Leaping Animals
pecheneg
Reality TV Shows (A-Z)
bhenderson79
Rickey Henderson's Hall of Fame Teammates
pecheneg
Champions League XIs: Arsenal
pecheneg
Quick Pick: Celebrities in WWE's Hall of Fame
aduchscher
A-Z Keypad Blitz II
pecheneg
Multiple Oscar Actors
pecheneg
Mystery Phrase Blitz: Oscar 'Best Actors'
pecheneg
F. Scott Fitzgerald Novels
LTH
Pick 3 Villains
ddd62291
Trending Topics
Harry Potter
Anime
Crossword
NBA
Kpop
Marvel
Disney
Country
WWE
Pokémon
The Office
Soccer
Puzzle
Song
NFL
Your Account Isn't Verified!
In order to create a playlist on Sporcle, you need to verify the email address you used during registration. Go to your
Sporcle Settings
to finish the process.
Report this User
Report this user for behavior that violates our
Community Guidelines
.
Details:
Send Report
Go to the Sporcle.com Mobile Site →
Comments